[Event "18th Africa-ch"]
[Site "Giza EGY"]
[Date "2023.05.11"]
[Round "7.7"]
[White "Khalil, Ahmed Salem"]
[Black "Sadek, Sameh"]
[Result "1-0"]
[WhiteElo "2122"]
[BlackElo "2255"]
[EventDate "2023.05.06"]
[PlyCount "106"]

1.Nf3 Nf6 2.c4 e6 3.d4 d5 4.g3 dxc4 5.Bg2 a6 6.O-O b5 7.Ne5 Nd5 8.a4 Bb7 
9.b3 cxb3 10.axb5 axb5 11.Rxa8 Bxa8 12.Qxb3 c6 13.Nc3 Nd7 14.Ne4 Nxe5 15.
dxe5 Be7 16.Nd6+ Bxd6 17.exd6 Qxd6 18.Rd1 f5 19.Ba3 Qe5 20.Bb2 Qc7 21.Qa3 
Bb7 22.Qc5 Qe7 23.Qc2 O-O 24.Bd4 Rc8 25.Bc5 Qf6 26.e4 fxe4 27.Bxe4 h6 28.
Rd3 b4 29.Bd4 Qe7 30.Bc5 Qc7 31.Rf3 Nf6 32.Bd3 e5 33.Bc4+ Kh8 34.Qg6 Qd8 
35.Rd3 Nd5 36.Rf3 Qg5 37.Qxg5 hxg5 38.Rf7 Ba8 39.Rf5 Re8 40.Rxg5 e4 41.
Bxb4 Kh7 42.Bc5 Rb8 43.Re5 Nf6 44.h4 Rb1+ 45.Kg2 Rc1 46.Bf7 g6 47.Rg5 Kg7 
48.Be3 Rd1 49.Bxg6 Rd5 50.Bf5+ Kf7 51.h5 c5 52.h6 c4 53.Rg7+ Kf8 1-0

[Event "18th Africa-ch"]
[Site "Giza EGY"]
[Date "2023.05.11"]
[Round "7.8"]
[White "Ashraf, Shereif"]
[Black "Gabr, Mohsen"]
[Result "1-0"]
[WhiteElo "2239"]
[BlackElo "2200"]
[EventDate "2023.05.06"]
[PlyCount "121"]

1.e4 e6 2.d3 d5 3.Nd2 c5 4.Ngf3 Nc6 5.g3 Nf6 6.Bg2 dxe4 7.dxe4 e5 8.O-O 
Bg4 9.h3 Bxf3 10.Qxf3 Be7 11.Nc4 O-O 12.a4 Qc7 13.Bd2 Rfd8 14.Rfe1 Rd7 15.
Qc3 Ne8 16.Ne3 Qd8 17.Nd5 Bd6 18.h4 b6 19.Bh3 Rb7 20.Bg5 Qb8 21.h5 h6 22.
Bc1 Nc7 23.Ne3 Nd4 24.Nf5 Nce6 25.Bg4 Be7 26.Qc4 Bg5 27.c3 Bxc1 28.Raxc1 
Nxf5 29.Bxf5 Nc7 30.Red1 Ne8 31.Rd2 Nf6 32.Qe2 Qc7 33.Rcd1 Rbb8 34.Qa6 Rd8
35.Rxd8+ Rxd8 36.Rxd8+ Qxd8 37.Qxa7 Nxh5 38.a5 bxa5 39.Qxc5 g6 40.Bg4 Nf6 
41.Bf3 Qd3 42.Kg2 Nxe4 43.Qxe5 Nd2 44.Qe2 Nxf3 45.Qxf3 Qb5 46.b3 Qxb3 47.
Qa8+ Kh7 48.Qxa5 Qb7+ 49.Kh2 Qf3 50.Qc5 h5 51.Qd4 g5 52.c4 h4 53.gxh4 g4 
54.Qe3 Qc6 55.Qd3+ Kh6 56.Qd5 Qc7+ 57.Kg2 f6 58.c5 Qf4 59.c6 f5 60.Qe6+ 
Kh5 61.Qe3 1-0

[Event "18th Africa-ch"]
[Site "Giza EGY"]
[Date "2023.05.11"]
[Round "7.9"]
[White "Oragwu, Chukwunonso"]
[Black "Zaibi, Amir"]
[Result "0-1"]
[WhiteElo "2206"]
[BlackElo "2393"]
[EventDate "2023.05.06"]
[PlyCount "72"]

1.e4 c5 2.Nf3 e6 3.Be2 Nc6 4.O-O Nf6 5.Nc3 a6 6.a4 Be7 7.Re1 d5 8.exd5 
Nxd5 9.Bc4 O-O 10.h3 Ndb4 11.Ne4 b6 12.c3 Nd3 13.Re2 Bb7 14.Re3 Nce5 15.
Nxe5 Nxe5 16.Bf1 Qd5 17.Qe1 Ng6 18.d3 Rad8 19.c4 Qd7 20.Nc3 Bd6 21.a5 b5 
22.cxb5 axb5 23.a6 Ra8 24.Ne4 Bxa6 25.Nxd6 Qxd6 26.Rg3 Bb7 27.Ra5 b4 28.
Rxa8 Rxa8 29.Be3 Ne7 30.Qc1 Nf5 31.Bxc5 Rc8 32.Bxd6 Rxc1 33.Bf4 Rb1 34.Rg4
h5 35.Rg5 f6 36.Rxh5 g6 0-1

[Event "18th Africa-ch"]
[Site "Giza EGY"]
[Date "2023.05.12"]
[Round "8.1"]
[White "Hesham, Abdelrahman"]
[Black "Fawzy, Adham"]
[Result "1/2-1/2"]
[WhiteElo "2409"]
[BlackElo "2495"]
[EventDate "2023.05.06"]
[PlyCount "84"]

1.d4 Nf6 2.c4 e6 3.Nc3 Bb4 4.f3 d5 5.a3 Bxc3+ 6.bxc3 O-O 7.cxd5 exd5 8.e3 
c5 9.Bd3 b6 10.Ne2 Ba6 11.O-O Bxd3 12.Qxd3 Re8 13.g4 Nc6 14.Ra2 Qd7 15.Nf4
Qd6 16.dxc5 Qe5 17.Rg2 Ne7 18.Qd4 Nd7 19.cxb6 axb6 20.Rd2 Red8 21.Qxe5 
Nxe5 22.Kf2 g5 23.Nh5 Rd6 24.Kg3 f5 25.h3 Rc8 26.Re1 Re6 27.Kg2 Rxc3 28.
Bb2 Rd3 29.Rde2 Kf7 30.a4 Nc4 31.Bd4 f4 32.Kf2 Nc6 33.Bxb6 Nxb6 34.exf4 
Rxe2+ 35.Rxe2 gxf4 36.Nxf4 Rd4 37.Ne6 Rxa4 38.Ng5+ Kg7 39.Re6 Rc4 40.Rd6 
Rc2+ 41.Kg3 Kf8 42.h4 d4 1/2-1/2

[Event "18th Africa-ch"]
[Site "Giza EGY"]
[Date "2023.05.12"]
[Round "8.2"]
[White "Kandil, Adham"]
[Black "Amin, Bassem"]
[Result "0-1"]
[WhiteElo "2280"]
[BlackElo "2691"]
[EventDate "2023.05.06"]
[PlyCount "84"]

1.e4 e5 2.Nf3 Nc6 3.Bc4 Bc5 4.c3 Nf6 5.d3 a6 6.O-O d6 7.a4 Ba7 8.Re1 O-O 
9.h3 h6 10.Nbd2 Re8 11.b4 Be6 12.Bxe6 Rxe6 13.Bb2 Qd7 14.Qb1 Nh5 15.Nf1 
Rf6 16.Qd1 Nf4 17.d4 exd4 18.cxd4 Nxb4 19.Ra3 d5 20.Ne5 Qe7 21.Ng3 dxe4 
22.Rxe4 Nbd5 23.Rf3 Re8 24.Bc1 Qd8 25.Ng4 Rfe6 26.Rxe6 Nxe6 27.Nf5 Kf8 28.
Qd3 Ng5 29.Ba3+ c5 30.dxc5 Nxf3+ 31.Qxf3 Re1+ 32.Kh2 Re6 33.Bb2 f6 34.Ba3 
a5 35.c6+ Nb4 36.Ngxh6 Qc7+ 37.g3 gxh6 38.Bc1 Ke8 39.Bf4 Qxc6 40.Qh5+ Kd8 
41.Nxh6 Qc5 42.Qd1+ Qd4 0-1

[Event "18th Africa-ch"]
[Site "Giza EGY"]
[Date "2023.05.12"]
[Round "8.3"]
[White "Ahmed, Abuzied"]
[Black "Bellahcene, Bilel"]
[Result "0-1"]
[WhiteElo "2236"]
[BlackElo "2476"]
[EventDate "2023.05.06"]
[PlyCount "75"]

1.g3 d5 2.Nf3 Nf6 3.c4 e6 4.Bg2 d4 5.O-O Nc6 6.d3 Bc5 7.Nbd2 O-O 8.Nb3 Be7
9.e3 dxe3 10.Bxe3 Ng4 11.Re1 e5 12.Bc1 a5 13.h3 Nf6 14.Be3 a4 15.Nc5 a3 
16.b3 Re8 17.g4 Ra5 18.Ne4 Nxe4 19.dxe4 Qxd1 20.Rexd1 Be6 21.Ne1 b6 22.Nc2
Raa8 23.Bd2 f6 24.Bc3 Kf7 25.Rd2 h5 26.Bf3 Rh8 27.gxh5 Bxh3 28.Kh2 Be6 29.
Rh1 Nd8 30.Kg2 Bc5 31.b4 Bf8 32.Be2 Nb7 33.f3 Be7 34.Ra1 Ra4 35.Rb1 c5 36.
bxc5 Bxc5 37.Ne1 Raa8 38.Nd3 0-1

[Event "18th Africa-ch"]
[Site "Giza EGY"]
[Date "2023.05.12"]
[Round "8.4"]
[White "Adly, Ahmed"]
[Black "Khalil, Ahmed Salem"]
[Result "1-0"]
[WhiteElo "2596"]
[BlackElo "2122"]
[EventDate "2023.05.06"]
[PlyCount "53"]

1.d4 d6 2.Nf3 g6 3.e4 Nf6 4.Nc3 Bg7 5.Bg5 c6 6.Qd2 b5 7.Bd3 O-O 8.Bh6 Nbd7
9.a4 b4 10.Ne2 a5 11.Ng3 c5 12.Bxg7 Kxg7 13.e5 Ng8 14.h4 dxe5 15.h5 exd4 
16.Nf5+ Kh8 17.hxg6 fxg6 18.Qg5 Rxf5 19.Bxf5 gxf5 20.Qg6 Ngf6 21.Ng5 Qg8 
22.Nf7+ Qxf7 23.Qxf7 Bb7 24.O-O-O Rg8 25.Qxe7 Bc6 26.Rh6 Rg7 27.Qd6 1-0

[Event "18th Africa-ch"]
[Site "Giza EGY"]
[Date "2023.05.12"]
[Round "8.5"]
[White "Solomon, Kenny"]
[Black "Ashraf, Shereif"]
[Result "1-0"]
[WhiteElo "2310"]
[BlackElo "2239"]
[EventDate "2023.05.06"]
[PlyCount "99"]

1.d4 Nf6 2.c4 e6 3.Nf3 d5 4.Nc3 c6 5.Bg5 Nbd7 6.cxd5 exd5 7.Qc2 h6 8.Bh4 
Be7 9.e3 Nh5 10.Bxe7 Qxe7 11.O-O-O Nb6 12.h3 Be6 13.Kb1 Nf6 14.Bd3 O-O-O 
15.Rc1 Kb8 16.Ka1 Rc8 17.Nd2 h5 18.Na4 Nxa4 19.Qxa4 Nd7 20.Rc3 Nb6 21.Qa5 
Rc7 22.Rhc1 Qh4 23.Ra3 Qxf2 24.Qxa7+ Kc8 25.Nf1 Nd7 26.Qa8+ Nb8 27.Rb3 b5 
28.a4 Kd7 29.axb5 Ke7 30.bxc6 Rcc8 31.Qa3+ Kf6 32.Rb7 Rhe8 33.Qd6 Kg5 34.
Qe5+ Kh6 35.c7 Nd7 36.Qf4+ Qxf4 37.exf4 Nf6 38.b4 Ra8+ 39.Kb2 Ne4 40.Rc6 
g6 41.Ra6 Rxa6 42.Bxa6 Nd6 43.Rb6 Nc8 44.Rb8 Bf5 45.Bxc8 Bxc8 46.Ne3 h4 
47.Nxd5 Re2+ 48.Kc3 Bf5 49.b5 Rxg2 50.b6 1-0

[Event "18th Africa-ch"]
[Site "Giza EGY"]
[Date "2023.05.12"]
[Round "8.6"]
[White "Ezat, Mohamed"]
[Black "Kayonde, Andrew"]
[Result "0-1"]
[WhiteElo "2402"]
[BlackElo "2361"]
[EventDate "2023.05.06"]
[PlyCount "64"]

1.d4 Nf6 2.c4 e6 3.Nc3 Bb4 4.Bg5 h6 5.Bh4 c5 6.d5 Bxc3+ 7.bxc3 d6 8.Qc2 
exd5 9.cxd5 g5 10.Bg3 Nxd5 11.e4 Nf4 12.Rd1 Nc6 13.h4 Rg8 14.Ne2 Qf6 15.
Qd2 Bg4 16.hxg5 hxg5 17.f3 Nxe2 18.Bxe2 Be6 19.Bb5 O-O-O 20.Bxc6 bxc6 21.
Qb2 Qe7 22.Kf2 Qc7 23.Rb1 g4 24.Qa3 Bc4 25.e5 gxf3 26.gxf3 dxe5 27.Rhd1 
Rxg3 28.Rxd8+ Qxd8 29.Kxg3 Qg5+ 30.Kf2 Qd2+ 31.Kg3 Qf4+ 32.Kf2 Qh2+ 0-1

[Event "18th Africa-ch"]
[Site "Giza EGY"]
[Date "2023.05.12"]
[Round "8.7"]
[White "Zaibi, Amir"]
[Black "Fadi, Marko"]
[Result "1-0"]
[WhiteElo "2393"]
[BlackElo "2272"]
[EventDate "2023.05.06"]
[PlyCount "45"]

1.e4 c5 2.Nf3 Nc6 3.d4 cxd4 4.Nxd4 Nf6 5.Nc3 g6 6.Bc4 Bg7 7.Nb3 d6 8.O-O 
O-O 9.Re1 Be6 10.Nd5 Nd7 11.c3 Rc8 12.Bf1 Nc5 13.Bg5 f6 14.Nxc5 dxc5 15.
Be3 Qd6 16.Qa4 Bxd5 17.Rad1 Qc7 18.Rxd5 b6 19.Red1 Rfd8 20.Rxd8+ Rxd8 21.
Rxd8+ Nxd8 22.Qe8+ Bf8 23.Bh6 1-0

[Event "18th Africa-ch"]
[Site "Giza EGY"]
[Date "2023.05.12"]
[Round "8.8"]
[White "Sobh, Amrou"]
[Black "Wageih, Kareim"]
[Result "0-1"]
[WhiteElo "2225"]
[BlackElo "2375"]
[EventDate "2023.05.06"]
[PlyCount "82"]

1.d4 Nf6 2.c4 e6 3.Nf3 Bb4+ 4.Bd2 Qe7 5.Nc3 a5 6.e3 d6 7.a3 Bxc3 8.Bxc3 
Ne4 9.Qc2 Nxc3 10.Qxc3 Nd7 11.Be2 e5 12.O-O a4 13.dxe5 dxe5 14.c5 c6 15.
Rac1 O-O 16.e4 Re8 17.Rfd1 Nf6 18.Qe3 Ra5 19.Qc3 Qc7 20.Nd2 Be6 21.f3 Nd7 
22.Qb4 Rea8 23.Rc2 Qb8 24.Bc4 Nxc5 25.Kh1 h6 26.Qc3 Qc7 27.Rcc1 Rd8 28.h3 
Raa8 29.Qb4 Bxc4 30.Qxc5 Be2 31.Re1 Rxd2 32.Qe3 Rxb2 33.Rxe2 Rb3 34.Rc3 
Qe7 35.Rd2 Qxa3 36.Rcd3 Qc1+ 37.Kh2 Rxd3 38.Qxd3 a3 39.Rd1 Qxd1 40.Qxd1 a2
41.Qa1 b5 0-1

[Event "18th Africa-ch"]
[Site "Giza EGY"]
[Date "2023.05.12"]
[Round "8.9"]
[White "Abdel Razik, Khaled"]
[Black "Klaasen, Calvin John"]
[Result "1-0"]
[WhiteElo "2384"]
[BlackElo "2196"]
[EventDate "2023.05.06"]
[PlyCount "81"]

1.d4 Nf6 2.c4 e6 3.Nf3 d5 4.g3 Bb4+ 5.Bd2 a5 6.Qc2 O-O 7.Bg2 c6 8.O-O Be7 
9.Bf4 b6 10.Rd1 Nbd7 11.cxd5 cxd5 12.Nc3 Ba6 13.Ne5 Rc8 14.Qb3 Nxe5 15.
Bxe5 Bc4 16.Qc2 b5 17.Qd2 b4 18.Bxf6 Bxf6 19.Na4 Bb5 20.Nc5 Be7 21.Qe3 
Bxc5 22.dxc5 Qf6 23.Rd2 Rc7 24.a3 Bc4 25.axb4 axb4 26.Ra4 b3 27.Be4 Qe7 
28.c6 Rfc8 29.Rxc4 dxc4 30.Qb6 f5 31.Bf3 Qe8 32.Rd6 Qe7 33.Rd4 c3 34.bxc3 
Qa3 35.Rd7 Qc1+ 36.Kg2 b2 37.Rxc7 Rxc7 38.Qb8+ Kf7 39.Qxc7+ Kf6 40.Qb8 
Qxc3 41.c7 1-0

[Event "18th Africa-ch"]
[Site "Giza EGY"]
[Date "2023.05.13"]
[Round "9.1"]
[White "Fawzy, Adham"]
[Black "Zaibi, Amir"]
[Result "1-0"]
[WhiteElo "2495"]
[BlackElo "2393"]
[EventDate "2023.05.06"]
[PlyCount "80"]

1.e4 c5 2.Nf3 e6 3.d4 cxd4 4.Nxd4 Nc6 5.Nc3 Qc7 6.Be3 a6 7.g4 h6 8.h4 Nf6 
9.Nxc6 bxc6 10.Qf3 Rb8 11.Bc4 d5 12.Bb3 Bb4 13.Bd2 d4 14.g5 dxc3 15.bxc3 
Be7 16.Bf4 e5 17.gxf6 exf4 18.fxe7 Qe5 19.O-O-O Kxe7 20.Qd3 Re8 21.f3 a5 
22.Qd4 Kf6 23.Rhg1 Qxd4 24.cxd4 g5 25.Ba4 Rb6 26.d5 Bb7 27.d6 Rd8 28.hxg5+
hxg5 29.e5+ Kf5 30.c3 c5 31.Rde1 Bxf3 32.Bc2+ Ke6 33.Rxg5 Rh8 34.c4 Kd7 
35.Rf5 Ke8 36.Rxf4 Bc6 37.Ref1 Rh5 38.e6 Rh2 39.exf7+ Kf8 40.Rg4 Rh6 1-0

[Event "18th Africa-ch"]
[Site "Giza EGY"]
[Date "2023.05.13"]
[Round "9.2"]
[White "Amin, Bassem"]
[Black "Solomon, Kenny"]
[Result "1-0"]
[WhiteElo "2691"]
[BlackElo "2310"]
[EventDate "2023.05.06"]
[PlyCount "71"]

1.Nf3 d5 2.g3 g6 3.Bg2 Bg7 4.O-O e5 5.d3 Nc6 6.e4 Nge7 7.exd5 Nxd5 8.Nc3 
Nde7 9.Re1 O-O 10.Rb1 a5 11.a3 Re8 12.b4 axb4 13.axb4 Nf5 14.Ne4 Ncd4 15.
Nfd2 Nd6 16.Nxd6 cxd6 17.Bb2 Nb5 18.Ra1 Rb8 19.c4 Nc7 20.Nb3 d5 21.Na5 d4 
22.Bc1 Bf8 23.Bd2 Na6 24.c5 Nc7 25.Nc4 f6 26.f4 Be6 27.fxe5 Bxc4 28.dxc4 
fxe5 29.Ra7 b6 30.cxb6 Rxb6 31.c5 Rb8 32.Bc6 Re7 33.Qb3+ Kh8 34.Bg5 h6 35.
Bxe7 Qxe7 36.Rf1 1-0

[Event "18th Africa-ch"]
[Site "Giza EGY"]
[Date "2023.05.13"]
[Round "9.3"]
[White "Bellahcene, Bilel"]
[Black "Hesham, Abdelrahman"]
[Result "1-0"]
[WhiteElo "2476"]
[BlackElo "2409"]
[EventDate "2023.05.06"]
[PlyCount "83"]

1.e4 e5 2.Nc3 Nf6 3.g3 d5 4.exd5 Nxd5 5.Bg2 Nxc3 6.bxc3 Bc5 7.Nf3 Nc6 8.
O-O O-O 9.d3 h6 10.Re1 Re8 11.Rb1 Bb6 12.a4 Bg4 13.h3 Bh5 14.Be3 f5 15.Qd2
Qf6 16.Nh2 Rad8 17.Rb5 e4 18.g4 Bg6 19.d4 a6 20.Rbb1 Na5 21.Bf1 Bf7 22.Kh1
Ba2 23.Rbd1 Bd5 24.gxf5 Qxf5 25.Be2 Nc4 26.Bxc4 Bxc4 27.Rg1 Qxh3 28.Rg3 
Qh5 29.Bxh6 Rd7 30.Rdg1 Ree7 31.Qe3 c5 32.Rh3 Qf5 33.Rg5 cxd4 34.Qg3 Qe6 
35.Rg6 Qd5 36.Ng4 e3+ 37.Kh2 Bc7 38.Bf4 Re6 39.Nf6+ Rxf6 40.Rxf6 Bxf4 41.
Rxf4 e2 42.Qh4 1-0

[Event "18th Africa-ch"]
[Site "Giza EGY"]
[Date "2023.05.13"]
[Round "9.4"]
[White "Kayonde, Andrew"]
[Black "Adly, Ahmed"]
[Result "0-1"]
[WhiteElo "2361"]
[BlackElo "2596"]
[EventDate "2023.05.06"]
[PlyCount "56"]

1.d4 Nf6 2.c4 e6 3.Nc3 Bb4 4.Qc2 c5 5.dxc5 O-O 6.a3 Bxc5 7.Bf4 Nc6 8.Nf3 
e5 9.Bg5 h6 10.Bh4 g5 11.Bg3 e4 12.Nxe4 Nxe4 13.Qxe4 Qa5+ 14.Nd2 d5 15.
cxd5 Nd4 16.Qd3 Bf5 17.e4 Bxe4 18.Qxe4 Rae8 19.Be5 f5 20.Qb1 Nb3 21.Qd1 
Rxe5+ 22.Be2 Rfe8 23.O-O Qxd2 24.Qxb3 Rxe2 25.d6+ Kf8 26.Qxb7 Re1 27.Qf3 
Rxa1 28.Qxf5+ Kg7 0-1

[Event "18th Africa-ch"]
[Site "Giza EGY"]
[Date "2023.05.13"]
[Round "9.5"]
[White "Ahmed, Abuzied"]
[Black "Kandil, Adham"]
[Result "0-1"]
[WhiteElo "2236"]
[BlackElo "2280"]
[EventDate "2023.05.06"]
[PlyCount "110"]

1.d4 Nf6 2.Nf3 e6 3.g3 b5 4.a4 b4 5.Bg2 d5 6.Bg5 Be7 7.Bxf6 Bxf6 8.c3 a5 
9.Nbd2 c5 10.O-O O-O 11.e4 Nc6 12.exd5 exd5 13.Nb3 c4 14.Nbd2 Rb8 15.Ne1 
b3 16.Nxc4 dxc4 17.Bxc6 Bf5 18.Ng2 Qd6 19.Qf3 Bd3 20.Rfe1 Bg5 21.Re5 Bd2 
22.Be4 Bxc3 23.bxc3 b2 24.Rb1 Bxb1 25.Bxb1 Rfe8 26.Rc5 Rb3 27.Rxc4 Ra3 28.
Ne3 Ra1 29.Qd1 Qa3 30.Nf1 Rxb1 31.Qxb1 g6 32.Nd2 Re2 33.Rc8+ Kg7 34.Rb8 
Rxd2 35.Kg2 Qxc3 36.Qe4 Qxd4 37.Qxd4+ Rxd4 38.Rxb2 Rxa4 39.Kf3 Rb4 40.Rc2 
Rb6 41.Ra2 Ra6 42.Ke4 a4 43.Ra3 Kf6 44.Kd5 Kf5 45.h3 g5 46.Kc5 h5 47.Kd4 
g4 48.hxg4+ hxg4 49.Kc4 Ke5 50.Re3+ Kd6 51.Ra3 Kc6 52.Kb4 Kd5 53.Rd3+ Ke4 
54.Re3+ Kd4 55.Ka3 Re6 0-1

[Event "18th Africa-ch"]
[Site "Giza EGY"]
[Date "2023.05.13"]
[Round "9.6"]
[White "Wageih, Kareim"]
[Black "Djabri, Massinas"]
[Result "0-1"]
[WhiteElo "2375"]
[BlackElo "2231"]
[EventDate "2023.05.06"]
[PlyCount "56"]

1.d4 Nf6 2.c4 g6 3.Nf3 Bg7 4.g3 c5 5.Bg2 O-O 6.O-O d6 7.dxc5 dxc5 8.Ne5 
Nfd7 9.Nd3 Nc6 10.Na3 Nce5 11.Nxe5 Nxe5 12.Qb3 Nc6 13.Nc2 Na5 14.Qa3 Nxc4 
15.Qxc5 Be6 16.Ne3 Nxb2 17.Rb1 Na4 18.Qa3 Nc3 19.Rxb7 Rb8 20.Rxa7 Rb1 21.
Qa6 Bxa2 22.Ba3 Qd2 23.Bxe7 Nxe2+ 24.Kh1 Rxf1+ 25.Nxf1 Qe1 26.Bxf8 Bd5 27.
Qxe2 Qxe2 28.Kg1 Bd4 0-1

[Event "18th Africa-ch"]
[Site "Giza EGY"]
[Date "2023.05.13"]
[Round "9.7"]
[White "Kaoma, Micheal"]
[Black "Abdel Razik, Khaled"]
[Result "0-1"]
[WhiteElo "2187"]
[BlackElo "2384"]
[EventDate "2023.05.06"]
[PlyCount "118"]

1.d4 Nf6 2.c4 c5 3.Nf3 e6 4.Nc3 a6 5.dxc5 Bxc5 6.a3 O-O 7.b4 Be7 8.e4 a5 
9.b5 d6 10.Bf4 e5 11.Bg5 Be6 12.h3 Nbd7 13.Bxf6 Bxf6 14.Qxd6 Be7 15.Qd2 
Qc7 16.Na4 Rfd8 17.Qc3 Nc5 18.Nxc5 Bxc5 19.Be2 f6 20.O-O Rd6 21.Rfd1 Rad8 
22.Rxd6 Rxd6 23.a4 Kf8 24.Qc2 Qb6 25.Rf1 g6 26.Nd2 Bb4 27.Nb3 Qc7 28.Rd1 
b6 29.Rxd6 Qxd6 30.g4 g5 31.Kg2 Ke7 32.Bd3 h5 33.Be2 Qd7 34.f3 h4 35.Qd3 
Qc7 36.Kf1 Ke8 37.Kf2 Ba3 38.Qc3 Qd6 39.Kf1 Bb4 40.Qd3 Qe7 41.Qe3 Qc7 42.
Qd3 Be7 43.Kg2 Bd6 44.Qc3 Kd7 45.Kf1 Kc8 46.Bd3 Bb4 47.Qc2 Bf7 48.Be2 Be7 
49.Qd3 Bf8 50.c5 Bxc5 51.Nd2 Bd4 52.Bd1 Bc3 53.Ke2 Qc5 54.Bc2 Qb4 55.Kd1 
Kc7 56.Kc1 Qd4 57.Qxd4 exd4 58.Bd3 Kd6 59.Nc4+ Kc5 0-1

[Event "18th Africa-ch"]
[Site "Giza EGY"]
[Date "2023.05.13"]
[Round "9.8"]
[White "Ameir, Moheb"]
[Black "Oragwu, Chukwunonso"]
[Result "1-0"]
[WhiteElo "2366"]
[BlackElo "2206"]
[EventDate "2023.05.06"]
[PlyCount "101"]

1.e4 e5 2.Nf3 Nc6 3.Nc3 Bc5 4.Nxe5 Nxe5 5.d4 Bd6 6.dxe5 Bxe5 7.Bd3 d6 8.
O-O Bd7 9.Kh1 g6 10.f4 Bg7 11.Qe1 Nh6 12.h3 Bc6 13.f5 Ng8 14.Nd5 Be5 15.f6
Qd7 16.Rb1 O-O-O 17.Be2 h5 18.Bg5 Re8 19.Qd2 Kb8 20.Rf3 h4 21.b4 Bg3 22.b5
Bxd5 23.exd5 Rh5 24.Be3 b6 25.c4 Rhe5 26.Rb3 Nh6 27.Bd3 Nf5 28.Bg1 Be1 29.
Bxf5 Rxf5 30.Qd4 Bg3 31.Bf2 Be5 32.Qxh4 Bxf6 33.Qg4 Qc8 34.Rxf5 gxf5 35.
Qh5 Qd7 36.Rf3 Re5 37.Rf4 Kb7 38.Bg3 Qe7 39.Rxf5 Re1+ 40.Bxe1 Qxe1+ 41.Kh2
Bd4 42.h4 Qg1+ 43.Kg3 Qe1+ 44.Kg4 Qe2+ 45.Kh3 Qxc4 46.Rxf7 Qxb5 47.Qd1 Bc5
48.h5 Qe8 49.Rf4 Be3 50.Rf5 Bh6 51.Qe2 1-0

[Event "18th Africa-ch"]
[Site "Giza EGY"]
[Date "2023.05.13"]
[Round "9.9"]
[White "Klaasen, Calvin John"]
[Black "Sadek, Sameh"]
[Result "1-0"]
[WhiteElo "2196"]
[BlackElo "2255"]
[EventDate "2023.05.06"]
[PlyCount "75"]

1.d4 Nf6 2.c4 e6 3.Nf3 d5 4.g3 dxc4 5.Bg2 a6 6.O-O b5 7.Ne5 Nd5 8.a4 Bb7 
9.b3 cxb3 10.Qxb3 c6 11.axb5 cxb5 12.e4 Nf6 13.d5 exd5 14.exd5 Bd6 15.Nc6 
Qc7 16.Re1+ Kf8 17.Ba3 Nbd7 18.Rc1 Ne8 19.Na5 Qb6 20.Nxb7 Qxb7 21.Bxd6+ 
Nxd6 22.Qb4 Qb8 23.Rc6 a5 24.Qxd6+ Qxd6 25.Rxd6 Ke7 26.Rc6 b4 27.d6+ Ke6 
28.Nd2 a4 29.Rc4 Rab8 30.Rxa4 b3 31.Re4+ Kf6 32.Re1 Nc5 33.Ne4+ Nxe4 34.
Bxe4 b2 35.Bb1 g5 36.h4 gxh4 37.Rxh4 Rhd8 38.Rf4+ 1-0